000 00547cam a22002171 4500
001 sa 65001246
003 DLC
005 20260227112108.0
008 881102s1963 xx 000 0 gujo
010 _asa 65001246
035 _a(OCoLC)23538132
040 _aDLC
_cMiU
_dDLC
042 _apremarc
050 0 0 _aPK1850.5
_b.P25
100 1 _aPañcolī, Manubhāī,
_d1913-2001.
245 1 0 _aVāgīśvarīnāṃ karṇaphūlo.
260 _c[1963]
300 _a11, 248 p.
_c19 cm.
500 _aRomanized.
650 0 _aGujarati literature
999 _c61980
_d61980